000 00926nam a22002177a 4500
008 240605b mp ||||| |||| 00| 0 mon d
035 _a27687
040 _aDA0445040
_bmon
_cMN-UlNLM
_dMN-UlNLM
_erda
041 _amon
042 _a59257
084 _221
_a025.0218
_bН.720
245 0 _aНомын сан, мэдээллийн байгууллагад мөрдөх стандартын эмхтгэл
264 _aУлаанбаатар
_bСХЗГ
_c2020
300 _a180 х.
336 _2rdacontent
_atext
_btxt
337 _2rdamedia
_aunmediated
_bn
338 _2rdacarrier
_avolume
_bnc
650 _aЭнэхүү стандартыг номын, мэдээллийн байгууллагад мөрдөгдөх, эрдэм шинжилгээний ажлын тайлангийн мэдээллийн баазыг байгуулахтай х...
942 _210-t
_cBK
999 _c763419
_d763476